Light on tantra in Kashmir Shaivism (Record no. 397024)

MARC details
000 -LEADER
fixed length control field 00563nam a22002177a 4500
005 - DATE & TIME
control field 20260216151434.0
008 - FIXED-LENGTH DATA ELEMENTS--GENERAL INFORMATION
fixed length control field 260216b |||||||| |||| 00| 0 eng d
020 ## - ISBN
International Standard Book Number 9781947241114
Price Rs. 1200.00
040 ## - CATALOGING SOURCE
Original cataloging agency VIVEKANANDA LIBRARY
082 ## - DDC NUMBER
Classification number 294.5436
Book Number L149L
100 ## - MAIN ENTRY--PERSONAL NAME
Personal name Lakshmanjoo, Swami
245 ## - TITLE STATEMENT
Title Light on tantra in Kashmir Shaivism
260 ## - PUBLICATION, DISTRIBUTION, ETC. (IMPRINT)
Place of publication, distribution, etc New Delhi
Name of publisher, distributor, etc Kashmir Shaiva Institute
Date of publication, distribution, etc 2021
300 ## - PHYSICAL DESCRIPTION
Pages xxx, 489
650 ## - Subject
Subject Religion
650 ## - Subject
Subject Indian Origin
650 ## - Subject
Subject Hinduism
650 ## - Subject
Subject Shaivism
700 ## - Added Entry Personal Name
Added Entry Personal Name Hughes, John ed.
942 ## - ADDED ENTRY ELEMENTS (KOHA)
Koha item type Books
Holdings
Withdrawn status Lost status Source of classification or shelving scheme Damaged status Not for loan Location (home branch) Sublocation or collection (holding branch) Shelving location Date acquired Koha issues (times borrowed) Koha full call number Accession No. Koha date last seen Koha item type
    Dewey Decimal Classification     VIVEKANANDA LIBRARY VIVEKANANDA LIBRARY Vivekananda Library 16/02/2026 1 294.5436 L149L 314633 17/04/2026 Books
© Designed and Maintained by Vivekananda Library, MDU Rohtak